Statistics for Random knowledge quiz

Click here to take the quiz!

General Stats

  • This quiz has been taken 21 times
  • The average score is 7 of 15

Answer Stats

HintAnswer% Correct
What is the only country that starts with the letter O?Oman
95%
In what year was Ronald Reagan first inaugurated as president of the USA?1981
74%
Who is the head of the Roman Catholic Church?Pope Francis
74%
What is the second largest city in Russia?Saint Petersburg
74%
Which language is mainly spoken in the Guangzhou province of China?Cantonese
68%
In which city is the Dutch paliament located?The Hague
63%
In what country lies the region after which the dog breed in the thumbnail picture is named?Croatia
53%
Which country has the longest railway system?the USA
53%
What is the largest Christian denomination in Egypt?Coptic church
37%
What was the last imperial dynasty to rule China?Qing dynasty
26%
Who served as president of the Russian Federation from 2008 to 2012?Dmitry Medvedev
21%
The Northern Germanic languages include: Norwegian, Swedish, Danish, Icelandic and ...Faroese
21%
What was the only domesticated animal species in the Americas before colonialism?Llamas
16%
What is the fastest growing city in the USA?Austin, Texas
11%
What language is traditionally used by the Orthodox Church in Slavic countries?Church Slavonic
11%

Score Distribution

Percentile by Number Answered

Percent of People with Each Score

Your Score History

You have not taken this quiz